Plus ou moins de 1kg? - Mort Subite - Statistiques

Statistiques générales
  • Ce quiz a été pris 354 fois
  • Le résultat moyen est 2 sur 8
Answers on the Grid
Answers color-coded by a green-red scale on the quiz's grid according to % correct below.
Oeil d'éléphant
Poule
Casque de vélo standard
Coeur humain
Foie humain
Cendres d'une personne incinérée
1 litre d'huile
Pigeon
PS4
Plus grosse tomate
Loup nouveau-né
Poids maximum de la mygale
Cerveau humain
Oeuf d'autruche
250 feuilles A4
iPad Pro M4
 
Statistiques - réponses
Réponse % Correct
Poule
69%
PS4
34%
Oeuf d'autruche
27%
Foie humain
24%
250 feuilles A4
23%
Cerveau humain
22%
Plus grosse tomate
21%
Cendres d'une personne incinérée
14%
Aucun quiz correspondant
Distribution des résultats
% des personnes avec chaque résultat
Percentile par nombre de réponses
Votre historique - résultats
Vous n’avez pas pris ce quiz